Statistiques concernant Habitants de St-Cham et ses alentours

Cliquez ici pour prendre le quiz!

Statistiques générales

  • Ce quiz a été pris 4 fois
  • Le résultat moyen est 40 sur 66

Statistiques - réponses

IndicesHabitants% Correct
Basketteur ricamarieAmine Missou
100%
bosnieAnis Susic
100%
La ValetteAymeric Colombet
100%
Basketteur pontoiseClément Chabannel
100%
rwandaClément Mace
100%
2 mètresCorentin Vlaminck
100%
tunisieFiras Mzoughi
100%
La ValetteLilian Colombet
100%
mante-religieuseLucas Hernan
100%
2004Lucas Ousset
100%
Basketteur jeunesse du jarezMalik Melek
100%
AlgérieMhaedine Baroudi
100%
Basketteur l'HormeNoah Gavet
100%
2001Pierre Fusillier
100%
gros pecsRobin Hirondeau
100%
Basketteur fraissesUlysse Valette-Gay
100%
Basketteur ricamarieValentin Bahloul
100%
AlgérieWassym Baroudi
100%
petit juifAlan Jacoud
67%
vendeur de CEBenoît Micol
67%
richeCharlie Clarard
67%
Saint-chamond/ gymChloé Prata
67%
basketteur l'hormeDylan Circhirillo
67%
aléatoireEmeric Joncourt
67%
toxicoEnzo Brachi
67%
toxicoEymeric Fournel
67%
2 soeursJoseph Cabannes
67%
pizzeriaJulian Vlaminck
67%
sodomieKillian Sodofia
67%
gros orteilLalie
67%
Basketteur l'HormeLéandre Fusillier
67%
basketteur 2007 l'hormeMathis Amrani
67%
Basketteur saint chamondMorgane Balique
67%
Génie feujRaphaël Henriot
67%
semi-basketteur/ arbitre l'hormeStefano Circhirillo
67%
2005Théo Simand
67%
saint-martin en coailleuxThomas Brunel
67%
fonsala/ basketThomas Toulouchaos
67%
basketteuse saint-chamondTiphany Valois
67%
AlgérieWail Zou
67%
2004/ escaladeAdam Saby
33%
basketteur 2007 l'hormeAugustin Chomienne
33%
2007Anna Saby
33%
2010Clara Hirondeau
33%
2006Clara Robert
33%
2007Dario Tordella
33%
vit pour les meufsEsteban Vallet
33%
2006Lolita Maisonette
33%
jardinerieLouise Briat
33%
petiteLyna Djoudi
33%
basketteur saint-chamondMahé Goy
33%
2007Manelle Bettache
33%
suicideManon Desglene
33%
2007Marie Boucher
33%
2005Maud Cabannes
33%
basketteur saint-chamondNolan Goy
33%
2004Noor Cabannes
33%
consommateurRomain Coffy
33%
2005Salimata Henri-Martin
33%
2004Samy Amrani
33%
2005Solène Laval
33%
2006Victoire Pascal
33%
DCGYoussra Abdellaoui-Maane
33%
2007Alexis Henriot
0%
2005Christian Ungarani
0%
2005Léni margotat
0%

Distribution des résultats

Percentile par nombre de réponses

% des personnes avec chaque résultat

Votre développement - résultats

Vous n’avez pas pris ce quiz